Cómo programar C plus plus

Guardat en:
Dades bibliogràfiques
Autors principals: Deitel, Harvey M (Autor), Deitel, P. J (Autor)
Format: Llibre
Idioma:espanyol
Publicat: Ciudad de México Prentice Hall 1999
Edició:2a. ed
Matèries:
Etiquetes: Afegir etiqueta
Sense etiquetes, Sigues el primer a etiquetar aquest registre!

MARC

LEADER 00000nam a2200000 a 4500
001 UCO7017
003 CL-VaPUC
008 001103e19990000MX |||||||||||||||||spa|d
082 0 4 |a 005.133  |b DEI  |2 21 
100 0 |a Deitel, Harvey M  |e author  |9 451653 
700 0 |a Deitel, P. J  |e author  |9 451654 
245 1 0 |a Cómo programar C plus plus 
250 |a 2a. ed 
300 |a 1130 p 
942 |c BK 
945 |d 20001103 00:00:00  |a vberengu 
260 |a Ciudad de México  |b Prentice Hall  |c 1999 
650 7 |a C PLUS PLUS  |2 CL-VaPUC  |9 306200 
650 0 |a Lenguajes de programación   |9 259458 
650 0 |a Programación de computadores   |9 259531 
583 |a last modification  |c 20150107 10:53:41  |k Rodrigo Vera 
999 |c 292242  |d 292240